[Event "Malta ol (Men)"]
[Site "La Valetta"]
[Date "1980.??.??"]
[Round "?"]
[White "Timman, Jan H"]
[Black "Karpov, Anatoly"]
[Result "1/2-1/2"]
[WhiteElo "2600"]
[BlackElo "2725"]

1.e4 c6 2.d4 d5 3.exd5 cxd5 4.c4 Nf6 5.Nc3 e6 6.Nf3 Bb4 7.Bd3 O-O 8.O-O dxc4
9.Bxc4 b6 10.Bg5 Bb7 11.Ne5 Bxc3 12.bxc3 Qc7 13.Bxf6 gxf6 14.Qg4+ Kh8 15.Qh4 fxe5
16.Qf6+ Kg8 17.Qg5+  1/2-1/2

[Event "Malta ol (Men)"]
[Site "La Valetta"]
[Date "1980.??.??"]
[Round "?"]
[White "Timman, Jan H"]
[Black "Portisch, Lajos"]
[Result "1/2-1/2"]
[WhiteElo "2600"]
[BlackElo "2655"]

1.d4 Nf6 2.c4 e6 3.Nf3 b6 4.g3 Bb7 5.Bg2 Be7 6.O-O O-O 7.Nc3 Ne4 8.Qc2 Nxc3
9.Qxc3 c5 10.Rd1 d6 11.b3 Bf6 12.Bb2 Qe7 13.Qc2 Nc6 14.e4 g6 15.d5 Nb4 16.Bxf6 Qxf6
17.Qd2 exd5 18.exd5 Bc8 19.a3 Na6 20.Re1 Nc7 21.Ng5 Bf5 22.g4 h6 23.h4 Bxg4
24.Ne4 Qxh4 25.Qf4 Ne8 26.f3 f5 27.Nxd6 g5 28.Qe5 Nxd6 29.Qxd6 Bh5 30.Qxh6 Rae8
31.Kf1 g4 32.Rxe8 Rxe8 33.Qf4 Qf6 34.Re1 Rxe1+ 35.Kxe1 gxf3 36.Bxf3 Bxf3
37.Qxf3 Kf8 38.Qf4 Qc3+ 39.Kf2 Qxb3 40.Qxf5+ Ke7 41.Qe6+ Kd8 42.d6 Qb2+ 43.Kf3 Qc3+
44.Kg4 Qd4+ 45.Kf5  1/2-1/2

[Event "NLD-ch"]
[Site "Leeuwarden"]
[Date "1980.??.??"]
[Round "1"]
[White "Timman, Jan H"]
[Black "Kuijpers, Franciscus Antonius"]
[Result "1-0"]
[WhiteElo "2600"]
[BlackElo "2410"]

1.d4 Nf6 2.c4 e6 3.Nc3 Bb4 4.e3 O-O 5.Bd3 c5 6.d5 b5 7.dxe6 fxe6 8.cxb5 d5
9.Ne2 a6 10.O-O axb5 11.Bxb5 Bb7 12.a3 Ba5 13.Rb1 Bc7 14.Ng3 d4 15.Nce2 h5
16.exd4 Qd5 17.f3 h4 18.Bf4 Bb6 19.Nh1 cxd4 20.Qd3 Nc6 21.Bc4 Qd7 22.Nf2 Nd5
23.Rfe1 Rae8 24.Nh3 Rf5 25.Kh1 Kh8 26.Rbc1 Ref8 27.Bb5 Nde7 28.a4 Qd8 29.Ng5 R8f6
30.Bc4 Nb4 31.Qd2 Nbd5 32.Nh3 Ba5 33.Qxd4 Bxe1 34.Rxe1 Qa5 35.Bd2 Qxa4 36.Qxh4+ Kg8
37.b3 Qe8 38.Ng3 Qg6 39.Bg5 Rxg5 40.Qxg5 Qxg5 41.Nxg5 Bc8 42.N3e4 Rg6 43.Kg1  1-0

[Event "NLD-ch"]
[Site "Leeuwarden"]
[Date "1980.??.??"]
[Round "5"]
[White "Timman, Jan H"]
[Black "Bohm, Hans"]
[Result "1/2-1/2"]
[WhiteElo "2600"]
[BlackElo "2430"]

1.d4 e6 2.e4 d5 3.Nc3 Bb4 4.e5 c5 5.a3 Bxc3+ 6.bxc3 Ne7 7.Nf3 Bd7 8.a4 Qa5
9.Qd2 Nbc6 10.Bd3 c4 11.Be2 f6 12.O-O O-O-O 13.Re1 Nf5 14.Bf1 h5 15.Ba3 Rdg8
16.Bb4 Qd8 17.a5 g5 18.exf6 Qxf6 19.Bc5 a6 20.Qe2 g4 21.Ne5 Nxe5 22.Qxe5 Qxe5
23.Rxe5 Rh6 24.Rae1 Rf6 25.g3 Rgg6 26.Bg2 Ba4  1/2-1/2

[Event "NLD-ch"]
[Site "Leeuwarden"]
[Date "1980.??.??"]
[Round "6"]
[White "Vogel, Jaap"]
[Black "Timman, Jan H"]
[Result "0-1"]
[WhiteElo "2315"]
[BlackElo "2600"]

1.d4 Nf6 2.Nf3 b6 3.g3 Bb7 4.Bg2 e6 5.O-O Be7 6.c4 O-O 7.Nc3 Ne4 8.Bd2 Bf6
9.Rc1 c5 10.Nxe4 Bxe4 11.Bc3 Nc6 12.e3 Rc8 13.Ne5 Bxg2 14.Kxg2 cxd4 15.exd4 d5
16.Nxc6 Rxc6 17.Bb4 Re8 18.c5 Qc7 19.Qa4 Rc8 20.Ba3 b5 21.Qxb5 Bxd4 22.Rc2 a5
23.Rd1 Bf6 24.Rd3 h5 25.Qa4 Qe5 26.Qf4 Qe1 27.Rc1 Qe2 28.Re3 Qa6 29.Qf3 Bg5
30.Qxh5 Bxe3 31.fxe3 Qd3 32.Rf1 Qe4+ 33.Qf3 Qxf3+ 34.Kxf3 e5 35.Rd1 Rd8 36.g4 Rf6+
37.Kg3 e4 38.Re1 d4 39.exd4 Rxd4 40.Re2 Rd3+ 41.Kg2 Re6 42.Kf2 Kh7 43.Re3 Kg6
44.b3 f5 45.Bc1 f4 46.Rxd3 exd3 47.Kf3 Re1 48.Bd2 Rd1 49.Bxa5 d2 50.Bxd2 Rxd2
51.Kxf4 Kf6 52.h4 Rxa2 53.g5+ Ke6 54.h5 Rc2  0-1

[Event "NLD-ch"]
[Site "Leeuwarden"]
[Date "1980.??.??"]
[Round "9"]
[White "Langeweg, Kick"]
[Black "Timman, Jan H"]
[Result "1/2-1/2"]
[WhiteElo "2425"]
[BlackElo "2600"]

1.d4 Nf6 2.c4 e6 3.Nf3 b6 4.Bf4 Bb7 5.e3 Be7 6.h3 c5 7.dxc5 bxc5 8.Be2 Qb6
9.O-O O-O 10.Nc3 d6 11.Qc2 Nc6 12.Rad1 Rad8 13.Rd2 h6 14.Rfd1 Rd7 15.Ne1 Rfd8
16.Bf3 Ne8 17.Qb1 Bf6 18.Na4 Qa5 19.b3 Ne5 20.Bxe5 Bxe5 21.Nd3 Bxf3 22.gxf3 Nf6
23.Nxe5 dxe5 24.Rxd7 Rxd7 25.Rxd7 Nxd7 26.Qe4 Kf8 27.Qc6 Ke7 28.a3 g5  1/2-1/2

[Event "NLD-ch"]
[Site "Leeuwarden"]
[Date "1980.??.??"]
[Round "10"]
[White "Timman, Jan H"]
[Black "Van der Vliet, Fred"]
[Result "1-0"]
[WhiteElo "2600"]
[BlackElo "2380"]

1.d4 Nf6 2.c4 g6 3.Nc3 d5 4.Nf3 Bg7 5.Bg5 Ne4 6.Bh4 Nxc3 7.bxc3 c5 8.e3 Nc6
9.cxd5 Qxd5 10.Be2 cxd4 11.cxd4 O-O 12.O-O b6 13.Qb3 Qxb3 14.axb3 Bb7 15.Nd2 Rfc8
16.Bf3 e5 17.Nc4 exd4 18.Nd6 dxe3 19.Rac1 Bb2 20.Rc2 e2 21.Bxe2 Ba3 22.Nxb7 Nd4
23.Rxc8+ Rxc8 24.Bc4 Rc7 25.Bf6 Nxb3 26.Bxb3 Rxb7 27.Rd1 Be7 28.Be5 b5 29.Bd5 Rb6
30.Rc1 Bf6 31.Bf4  1-0

[Event "NLD-ch"]
[Site "Leeuwarden"]
[Date "1980.??.??"]
[Round "11"]
[White "Van Dop, Arend J"]
[Black "Timman, Jan H"]
[Result "1/2-1/2"]
[WhiteElo "2320"]
[BlackElo "2600"]

1.d4 Nf6 2.c4 g6 3.g3 Bg7 4.Bg2 c5 5.Nf3 cxd4 6.Nxd4 Nc6 7.Nxc6 bxc6 8.Nc3 O-O
9.O-O Rb8 10.Qa4 a5 11.Qc2 d5 12.cxd5 cxd5 13.Bf4 Bf5 14.Qc1 Rc8 15.Be5 Qb6
16.e3 e6 17.b3 d4 18.Bxd4 Qb8 19.Qa3 e5  1/2-1/2

[Event "NLD-ch"]
[Site "Leeuwarden"]
[Date "1980.??.??"]
[Round "12"]
[White "Timman, Jan H"]
[Black "Ligterink, Gert"]
[Result "1/2-1/2"]
[WhiteElo "2600"]
[BlackElo "2455"]

1.c4 c5 2.Nf3 Nf6 3.g3 Nc6 4.Bg2 g6 5.d4 cxd4 6.Nxd4 Bg7 7.Nc3 O-O 8.O-O Nxd4
9.Qxd4 d6 10.Qd3 Rb8 11.Be3 a6 12.Ba7 Ra8 13.Bd4 Rb8 14.Rfd1 Bf5 15.Qd2 b5
16.cxb5 axb5 17.Rac1 Be6 18.b3 Qd7 19.Bxf6 Bxf6 20.Ne4 Bg7 21.Nc5 Qc8 22.Nxe6 Qxe6
23.Rc7 Rfc8 24.Rdc1 Rxc7 25.Rxc7 b4 26.Rc4 Bc3 27.Qd3 Bf6 28.Bf3 Qe5 29.Kg2 Qa5
30.Qd2 Bc3 31.Qe3 Bf6 32.Qd2 Bc3 33.Qe3 Bf6 34.Qd2  1/2-1/2

[Event "NLD-ch"]
[Site "Leeuwarden"]
[Date "1980.??.??"]
[Round "13"]
[White "Van Wijgerden, Cornelis"]
[Black "Timman, Jan H"]
[Result "1/2-1/2"]
[WhiteElo "2435"]
[BlackElo "2600"]

1.c4 Nf6 2.Nc3 e6 3.e4 c5 4.e5 Ng8 5.d4 cxd4 6.Qxd4 Nc6 7.Qe4 d6 8.Nf3 Qb6
9.exd6 Nf6 10.Qe3 Qxe3+ 11.Bxe3 Bxd6 12.O-O-O Be7 13.h3 b6 14.g4 Bb7 15.Bg2 Na5
16.b3 Ne4 17.Nxe4 Ba3+ 18.Kd2 Bxe4 19.Nh4 O-O-O+ 20.Kc3 Bxg2 21.Nxg2 Nc6
22.Kc2 Kb7 23.Nf4 Bc5 24.Nd3 Bxe3 25.fxe3 Kc7 26.b4 Rd7 27.Kc3 Rhd8 28.Nf2 f5
29.Rxd7+ Rxd7 30.Nd3 Kd6  1/2-1/2

[Event "Hoogovens"]
[Site "Wijk aan Zee"]
[Date "1980.??.??"]
[Round "11"]
[White "Alburt, Lev O"]
[Black "Timman, Jan H"]
[Result "1/2-1/2"]
[WhiteElo "2515"]
[BlackElo "2600"]

1.Nf3 Nf6 2.c4 c5 3.Nc3 Nc6 4.d4 cxd4 5.Nxd4 e6 6.g3 Bc5 7.Nb3 Bb4 8.Bg2 d5
9.O-O dxc4 10.Qxd8+ Kxd8 11.Rd1+ Ke7 12.Nd4 Na5 13.Bg5 Rd8 14.e4 h6 15.Bf4 g5
16.Bd2 Rxd4 17.e5 Nd7 18.Nd5+ Rxd5 19.Bxb4+ Rc5 20.Rac1 Ke8 21.Bxc5 Nxc5
22.b4 Nd3 23.bxa5 Nxc1 24.Rxc1 Rb8 25.Rxc4 b6 26.axb6 axb6 27.f4 gxf4 28.gxf4 Bb7
29.Bxb7 Rxb7  1/2-1/2

[Event "Hoogovens"]
[Site "Wijk aan Zee"]
[Date "1980.??.??"]
[Round "12"]
[White "Timman, Jan H"]
[Black "Kovacevic, Vlatko"]
[Result "1/2-1/2"]
[WhiteElo "2600"]
[BlackElo "2510"]

1.e4 Nf6 2.e5 Nd5 3.d4 d6 4.c4 Nb6 5.f4 dxe5 6.fxe5 Nc6 7.Be3 Bf5 8.Nc3 e6
9.Nf3 Be7 10.d5 exd5 11.cxd5 Nb4 12.Nd4 Bd7 13.Qb3 c5 14.dxc6 bxc6 15.Rd1 N6d5
16.Nxd5 Nxd5 17.Bc4 Rb8 18.Qd3 Nxe3 19.Qxe3 Qa5+ 20.Rd2 Bb4 21.Bxf7+ Ke7
22.Qg5+ Kxf7 23.O-O+ Kg8 24.Nf5 Bxf5 25.Qxf5 Qc5+ 26.Rff2 Qc1+ 27.Rf1 Qc5+
28.Rff2  1/2-1/2

[Event "NLD-ch"]
[Site "Leeuwarden"]
[Date "1981.??.??"]
[Round "3"]
[White "Grooten, Herman"]
[Black "Timman, Jan H"]
[Result "0-1"]
[WhiteElo "2200"]
[BlackElo "2620"]

1.c4 e5 2.Nc3 Nf6 3.Nf3 Nc6 4.e3 Bb4 5.Qc2 Bxc3 6.Qxc3 Qe7 7.a3 a5 8.b3 d5
9.cxd5 Nxd5 10.Qb2 O-O 11.d3 Bg4 12.Be2 f5 13.h3 Bh5 14.O-O f4 15.Nxe5 Bxe2
16.Nxc6 bxc6 17.Qxe2 f3 18.Qb2 fxg2 19.Kxg2 Qg5+ 20.Kh2 Rf3 21.Rg1 Rxh3+
22.Kxh3 Qxg1 23.f3 Nxe3 24.Qe2 Qh1+ 25.Kg3 Nf5+ 26.Kf2 Qh2+ 27.Ke1 Qg1+ 28.Kd2 Nd4
29.Qd1 Qf2+  0-1

[Event "NLD-ch"]
[Site "Leeuwarden"]
[Date "1981.??.??"]
[Round "6"]
[White "Ligterink, Gert"]
[Black "Timman, Jan H"]
[Result "0-1"]
[WhiteElo "2430"]
[BlackElo "2620"]

1.d4 Nf6 2.c4 g6 3.Nc3 d5 4.Nf3 Bg7 5.cxd5 Nxd5 6.e4 Nxc3 7.bxc3 c5 8.Rb1 O-O
9.Be2 Qa5 10.Qd2 b6 11.O-O Ba6 12.Bxa6 Nxa6 13.Qe2 e6 14.Bf4 Rfd8 15.Rfd1 Qa4
16.Bg5 Re8 17.Qd2 Rac8 18.Qf4 cxd4 19.cxd4 Rc2 20.Rdc1 Nb4 21.Rxc2 Nxc2 22.Bf6 Nxd4
23.Bxd4 Bxd4 24.Nxd4 Qxd4 25.g3 Rc8 26.Qf3 Rc2  0-1

[Event "NLD-ch"]
[Site "Leeuwarden"]
[Date "1981.??.??"]
[Round "8"]
[White "Kuijf, Marinus"]
[Black "Timman, Jan H"]
[Result "1-0"]
[WhiteElo "2200"]
[BlackElo "2620"]

1.e4 d6 2.d4 Nf6 3.Nc3 g6 4.f4 Bg7 5.Nf3 O-O 6.Be2 c5 7.dxc5 Qa5 8.O-O Qxc5+
9.Kh1 Nbd7 10.Qe1 a6 11.Bd3 e5 12.Be3 Qc7 13.fxe5 dxe5 14.Qh4 h5 15.Ng5 b5
16.Rf3 Bb7 17.Raf1 Qd8 18.Bc1 Nc5 19.a3 Nxd3 20.cxd3 Bc6 21.h3 a5 22.Qf2 b4
23.Rxf6 Bxf6 24.Qxf6 Qxf6 25.Rxf6 Rfc8 26.Ne2 Bb5 27.Be3 bxa3 28.bxa3 Bxd3
29.Ng1 Rc3 30.N1f3 Rxa3 31.Nxe5 Bxe4 32.Bc5 Ra4 33.Rxf7 Ra6 34.Re7 Bd3 35.Re8+ Kg7
36.Re7+ Kg8 37.Rd7 Be4 38.Re7 Bd5 39.Nd7 Ra1+ 40.Kh2 Ra2 41.Re8+ Kg7 42.Bf8+  1-0

[Event "NLD-ch"]
[Site "Leeuwarden"]
[Date "1981.??.??"]
[Round "9"]
[White "Timman, Jan H"]
[Black "Van der Sterren, Paul"]
[Result "0-1"]
[WhiteElo "2620"]
[BlackElo "2440"]

1.e4 d6 2.d4 Nf6 3.Nc3 g6 4.f4 Bg7 5.Nf3 O-O 6.Bd3 Na6 7.e5 Nd7 8.Be3 Nb4
9.Bc4 c5 10.Bxf7+ Rxf7 11.e6 Rf8 12.exd7 Qxd7 13.Qe2 Qe6 14.Kd2 b6 15.a3 Ba6
16.Qf2 Nd5 17.Rhe1 Nxc3 18.Kxc3 cxd4+ 19.Nxd4 Qc4+ 20.Kd2 e5 21.b3 Qf7 22.Nf3 Rac8
23.Kd1 Qf5 24.Ra2 Rc3 25.Bd2 Rc7 26.Be3 Rfc8 27.Rg1 Rc3 28.Qd2 Qe4 29.Ng5 Qc6
30.Re1 h6 31.Nf3 Kh7 32.h4 e4 33.Nd4 Qd5 34.Ne2 Rd3 35.cxd3 Qxb3+ 36.Rc2 exd3
37.Nd4 Bxd4  0-1

[Event "NLD-ch"]
[Site "Leeuwarden"]
[Date "1981.??.??"]
[Round "10"]
[White "Boersma, Paulus A"]
[Black "Timman, Jan H"]
[Result "0-1"]
[WhiteElo "2335"]
[BlackElo "2620"]

1.d4 Nf6 2.c4 e6 3.Nc3 Bb4 4.e3 b6 5.Ne2 Ba6 6.a3 Bxc3+ 7.Nxc3 d5 8.b3 O-O
9.Be2 Nc6 10.a4 Qd7 11.O-O Rfd8 12.Bb2 Na5 13.Nb5 c6 14.Na3 Qe7 15.Bc3 Rab8
16.Qc2 dxc4 17.Nxc4 Nxc4 18.bxc4 c5 19.a5 b5 20.cxb5 Bxb5 21.Bxb5 Rxb5 22.Rfb1 Rxb1+
23.Rxb1 Nd5 24.a6 Qd6 25.Ba5 Rc8 26.Qc4 h6 27.Rb7 Ne7 28.g3 cxd4 29.Qxd4 Qxa6
30.Rxe7 Qxa5 31.Rxa7 Rc1+ 32.Kg2 Qb5 33.Ra8+ Kh7 34.Ra4 Qf1+ 35.Kf3 Qh1+
36.Kf4 Qxh2 37.Qe4+ f5 38.Qxe6 Qxf2+ 39.Ke5 Qxe3+ 40.Kxf5 Rc5+  0-1

[Event "NLD-ch"]
[Site "Leeuwarden"]
[Date "1981.??.??"]
[Round "11"]
[White "Timman, Jan H"]
[Black "Langeweg, Kick"]
[Result "1-0"]
[WhiteElo "2620"]
[BlackElo "2455"]

1.d4 Nf6 2.c4 e6 3.Nf3 b6 4.Nc3 Bb7 5.a3 d5 6.cxd5 exd5 7.g3 Be7 8.Bg2 O-O
9.O-O c5 10.Bf4 Na6 11.dxc5 bxc5 12.Ne5 Nc7 13.Qa4 Ne6 14.Rad1 Re8 15.Rd3 Qb6
16.Nxd5 Nxd5 17.Bxd5 Bxd5 18.Rxd5 Qxb2 19.Rd2 Qc3 20.Rd7 Nd4 21.e3 Ne2+ 22.Kg2 Nxf4+
23.gxf4 a5 24.Rb1 Rad8 25.Rd3  1-0

[Event "NLD-ch"]
[Site "Leeuwarden"]
[Date "1981.??.??"]
[Round "12"]
[White "Stehouwer, Coen"]
[Black "Timman, Jan H"]
[Result "1/2-1/2"]
[WhiteElo "2200"]
[BlackElo "2620"]

1.e4 c5 2.Nf3 d6 3.d4 cxd4 4.Nxd4 Nf6 5.Nc3 e6 6.g3 Be7 7.Bg2 O-O 8.O-O a6
9.b3 Qc7 10.Bb2 Rd8 11.Qe2 Bd7 12.Nd1 Nc6 13.c4 b5 14.Rc1 Qb6 15.Qd2 bxc4
16.Rxc4 e5 17.Nxc6 Bxc6 18.Re1 d5 19.exd5 Bxd5 20.Bxd5 Rxd5 21.Qc1 Qe6 22.Ne3 Rb5
23.Qc2 Nd5  1/2-1/2

[Event "Hamburg TV-B"]
[Site "Hamburg"]
[Date "1982.??.??"]
[Round "1"]
[White "Spassky, Boris V"]
[Black "Timman, Jan H"]
[Result "1-0"]
[WhiteElo "2610"]
[BlackElo "2600"]

1.e4 c5 2.Nc3 Nc6 3.g3 g6 4.Bg2 Bg7 5.d3 d6 6.f4 e6 7.Nf3 Nge7 8.O-O O-O
9.Bd2 Rb8 10.a3 b5 11.Rb1 Ba6 12.b4 Qb6 13.Kh1 cxb4 14.axb4 Rfc8 15.Ne2 d5
16.Nc1 Rd8 17.Qe2 dxe4 18.dxe4 Nd4 19.Nxd4 Qxd4 20.Be3 Qc4 21.Bxa7 Rb7 22.Be3 Nc6
23.Qxc4 bxc4 24.Na2 c3 25.Rfd1 Rxd1+ 26.Rxd1 h5 27.Bc5 Bf8 28.Bxf8 Kxf8 29.e5 Nxb4
30.Rb1 Nd5 31.Rxb7 Bxb7 32.Kg1 Ba6 33.Bxd5 exd5 34.Nxc3 d4 35.Ne4 Bb5 36.Nc5 Be2
37.Nb3 d3 38.c4 Bd1 39.Nd2 Ke7 40.Kf2 Bg4 41.Ke3 Bf5 42.Nf3 f6 43.exf6+ Kxf6
44.Ne1  1-0

[Event "Hamburg TV-B"]
[Site "Hamburg"]
[Date "1982.??.??"]
[Round "2"]
[White "Timman, Jan H"]
[Black "Spassky, Boris V"]
[Result "1/2-1/2"]
[WhiteElo "2600"]
[BlackElo "2610"]

1.e4 b6 2.d4 Bb7 3.Bd3 e6 4.Qe2 d6 5.Nf3 Nd7 6.c4 g6 7.Nc3 Bg7 8.Be3 Ne7
9.Qd2 h6 10.O-O-O d5 11.exd5 exd5 12.Rhe1 Kf8 13.c5 Kg8 14.Bc2 Nf6 15.Bf4 Nc6
16.h3 a6 17.Ne5 bxc5 18.dxc5 Nxe5 19.Bxe5 Kh7 20.Qf4 Rc8 21.Re3 Re8 22.Qd4 Rxe5
23.Qxe5 Ng4 24.Qf4 Nxe3 25.fxe3 Kg8 26.Bb3 c6 27.Ne4 Qe7 28.Nd6 Be5 29.Qxh6 Bxd6
30.cxd6 Qxd6 31.e4 Re8 32.exd5 cxd5 33.Qd2 Re5 34.g4 Qe6 35.Qb4 Bc6 36.Qa5 Re2
37.Qxa6 Qe3+ 38.Kb1 Qe5 39.Bc2 Qe8 40.h4 Bb5 41.Qb7 Bc4 42.b3 Rxc2 43.Kxc2 Qe2+
44.Kc1 Qe3+ 45.Kc2 Qe2+ 46.Kc1 Qe3+  1/2-1/2

[Event "Hamburg TV-B"]
[Site "Hamburg"]
[Date "1982.??.??"]
[Round "5"]
[White "Torre, Eugenio"]
[Black "Timman, Jan H"]
[Result "0-1"]
[WhiteElo "2535"]
[BlackElo "2600"]

1.d4 Nf6 2.Nf3 d5 3.c4 dxc4 4.Nc3 c6 5.a4 Bf5 6.Ne5 Nbd7 7.Nxc4 Qc7 8.g3 e5
9.dxe5 Nxe5 10.Bf4 Rd8 11.Qc1 Bd6 12.Nxd6+ Qxd6 13.Bg2 O-O 14.O-O a5 15.Qe3 Nfd7
16.Rad1 Qe6 17.Qa7 Bc2 18.Rd2 Qb3 19.Rc1 Bf5 20.Bxe5 Nxe5 21.Rxd8 Rxd8 22.Qxa5 Re8
23.Nd1 Bg4 24.Bf1 f6 25.Qc7 Qb4 26.a5 Qe1 27.Rb1 Nf3+ 28.Kg2 Qxf1+  0-1

[Event "Hamburg TV-B"]
[Site "Hamburg"]
[Date "1982.??.??"]
[Round "6"]
[White "Timman, Jan H"]
[Black "Torre, Eugenio"]
[Result "1/2-1/2"]
[WhiteElo "2600"]
[BlackElo "2535"]

1.e4 e5 2.Nf3 Nc6 3.Bb5 a6 4.Bxc6 dxc6 5.O-O Qd6 6.d3 f6 7.Be3 c5 8.Nfd2 Be6
9.Nc3 Ne7 10.Nc4 Bxc4 11.dxc4 Qxd1 12.Rfxd1 Nc6 13.Rd3 Nd4 14.Nd5 O-O-O 15.Bxd4 cxd4
16.b4 b6 17.a4 Kb7 18.a5 Rxd5 19.cxd5 Bxb4 20.Rb3 Bc3 21.Raa3 b5 22.Rxc3 dxc3
23.Rxc3 Rd8 24.Rc6 Rd6 25.Rxd6 cxd6  1/2-1/2

[Event "KRO m"]
[Site "Hilversum"]
[Date "1982.??.??"]
[Round "1"]
[White "Kortschnoj, Viktor"]
[Black "Timman, Jan H"]
[Result "1/2-1/2"]
[WhiteElo "2635"]
[BlackElo "2600"]

1.c4 e5 2.Nc3 Nf6 3.Nf3 Nc6 4.e3 Bb4 5.Qc2 Bxc3 6.Qxc3 Qe7 7.Be2 O-O 8.d4 exd4
9.Nxd4 Nxd4 10.Qxd4 c5 11.Qh4 d5 12.cxd5 Qe5 13.Qg3 Qxg3 14.hxg3 Nxd5 15.Bd2 Be6
16.Rh4 Rfd8 17.O-O-O Nb6 18.a3 h6 19.Ba5 Rxd1+ 20.Kxd1 Bb3+ 21.Kd2 Nd5 22.e4 Ne7
23.Kc3 Be6 24.Bc7 Nc6 25.Bc4 Bxc4 26.Kxc4 Rc8 27.Bd6 Na5+ 28.Kd5 c4 29.e5 b5
30.Rh1 Nb3 31.g4 a5 32.f4 Nd2 33.f5 c3 34.bxc3 Nc4 35.Rb1 Nb6+ 36.Kd4 Rc4+
37.Kd3 Rxg4 38.Rxb5 Rg3+ 39.Kd4 Rg4+ 40.Kd3 Rg3+ 41.Ke2 Nc4 42.Rc5 Rxc3 43.Rc8+ Kh7
44.Rc7 Kg8 45.Rc8+ Kh7 46.Bb8 Re3+ 47.Kf2 Re4 48.e6 fxe6 49.fxe6 Nxa3 50.Rc3 Nc4
51.e7 Nb6 52.Bd6 Nd5 53.Rc5 Nxe7 54.Bxe7 Rxe7 55.Rxa5  1/2-1/2

[Event "KRO m"]
[Site "Hilversum"]
[Date "1982.??.??"]
[Round "3"]
[White "Kortschnoj, Viktor"]
[Black "Timman, Jan H"]
[Result "1-0"]
[WhiteElo "2635"]
[BlackElo "2600"]

1.Nf3 Nf6 2.c4 c5 3.Nc3 Nc6 4.d4 cxd4 5.Nxd4 e6 6.Bf4 d5 7.cxd5 Nxd5 8.Nxc6 bxc6
9.Bd2 Bb4 10.Nxd5 Bxd2+ 11.Qxd2 cxd5 12.e3 O-O 13.Bd3 Qb6 14.O-O Ba6 15.Bxa6 Qxa6
16.a4 Rab8 17.b4 Qd6 18.b5 a6 19.Rfb1 axb5 20.axb5 Rb6 21.Qd3 Rfb8 22.Ra6 Qc5
23.Rxb6 Rxb6 24.h3 g6 25.Qb3 d4 26.exd4 Qxd4 27.Rc1 Kg7 28.Rb1 h5 29.g3 h4
30.gxh4 Qxh4 31.Qe3 Qd8 32.Qc5 Qd6 33.Qxd6 Rxd6 34.b6 Rd8 35.b7 Rb8 36.Kg2 Kf6
37.Kg3 Ke5 38.Kg4 f6 39.h4 Kd6 40.Rb6+ Ke5 41.f3 Kd5 42.f4 e5 43.f5 gxf5+
44.Kxf5 Kd4 45.h5 e4 46.Kf4 Kd3 47.h6 e3 48.Rb3+ Kd2 49.Rxe3 Rxb7 50.Rh3  1-0

[Event "KRO m"]
[Site "Hilversum"]
[Date "1982.??.??"]
[Round "4"]
[White "Timman, Jan H"]
[Black "Kortschnoj, Viktor"]
[Result "1-0"]
[WhiteElo "2600"]
[BlackElo "2635"]

1.c4 Nf6 2.Nc3 e6 3.Nf3 Bb4 4.Qc2 O-O 5.a3 Bxc3 6.Qxc3 b6 7.e3 Bb7 8.b4 d6
9.Bb2 Nbd7 10.Be2 Qe7 11.O-O Rfc8 12.d4 c5 13.dxc5 bxc5 14.b5 e5 15.a4 Qe6
16.a5 Rab8 17.Rfd1 h6 18.Nd2 Ba8 19.Qc2 Nf8 20.Nf1 Ng6 21.Ng3 Nh4 22.Bf1 d5
23.cxd5 Bxd5 24.Ra3 c4 25.e4 Ba8 26.Rc3 Rxb5 27.Bxc4  1-0

[Event "Las Palmas Interzonal"]
[Site "Las Palmas"]
[Date "1982.??.??"]
[Round "10"]
[White "Timman, Jan H"]
[Black "Mestel, A Jonathan"]
[Result "1-0"]
[WhiteElo "2600"]
[BlackElo "2540"]

1.c4 Nf6 2.Nc3 e5 3.g3 Bb4 4.Bg2 O-O 5.Nf3 Re8 6.O-O e4 7.Nd4 Nc6 8.Nc2 Bxc3
9.dxc3 h6 10.Ne3 d6 11.Qc2 Bd7 12.Bd2 a5 13.Rae1 a4 14.f4 exf3 15.exf3 Ne7
16.Ng4 Ng6 17.Rxe8+ Nxe8 18.Ne3 c6 19.Be1 Qa5 20.Bf2 Ne5 21.Qe2 Be6 22.Rd1 h5
23.Rd4 c5 24.Rd2 a3 25.f4 Bg4 26.Nxg4 Nxg4 27.Bxb7 Rb8 28.Bc6 Nef6 29.b3 Qxc3
30.Rxd6 h4 31.Rd3 Qa5 32.Qd2 Qc7 33.Rd6 Qe7 34.Bxc5 Rc8 35.h3 Ne4 36.Bxe4 Qxe4
37.hxg4 Rxc5 38.Rd8+ Kh7 39.Qd3 Qxd3 40.Rxd3 g5  1-0

[Event "Luzern ol (Men)"]
[Site "Luzern"]
[Date "1982.??.??"]
[Round "5"]
[White "Hoelzl, Franz"]
[Black "Timman, Jan H"]
[Result "0-1"]
[WhiteElo "2355"]
[BlackElo "2600"]

1.Nf3 Nf6 2.c4 b6 3.g3 Bb7 4.Bg2 g6 5.d4 c5 6.d5 b5 7.b3 bxc4 8.bxc4 Nxd5
9.cxd5 Bg7 10.Qd2 Bxa1 11.O-O Qb6 12.Na3 Bg7 13.e4 d6 14.h4 Ba6 15.Re1 Nd7
16.h5 Qb4 17.Qf4 Ne5  0-1

[Event "Luzern ol (Men)"]
[Site "Luzern"]
[Date "1982.??.??"]
[Round "7"]
[White "Timman, Jan H"]
[Black "Browne, Walter S"]
[Result "1/2-1/2"]
[WhiteElo "2600"]
[BlackElo "2590"]

1.e4 c5 2.Nc3 d6 3.f4 Nc6 4.Nf3 g6 5.d4 cxd4 6.Nxd4 Bg7 7.Nb3 Nf6 8.Be2 O-O
9.Be3 a5 10.a4 Be6 11.O-O Nd7 12.Kh1 Rc8 13.Nd2 Bd4 14.Bxd4 Nxd4 15.f5 gxf5
16.Bd3 f4 17.Rxf4 Ne5 18.Qg1 Ndc6 19.Nd5 Nb4 20.Rh4 Ng6 21.Rh5 Bxd5 22.exd5 Nxd3
23.cxd3 e5 24.dxe6 fxe6 25.Nf3 e5 26.d4 e4 27.Nd2 d5 28.Qe3 Nf4 29.Re5 Nd3
30.Rh5 Rc6 31.Nf1 Rg6 32.Ng3 Nf4 33.Re5 Nd3 34.Rh5 Qd7 35.b3 Nf4 36.Re5 Nd3
37.Rh5 Nf4 38.Re5 Qg4 39.Rf1 h5 40.Qf2 h4 41.Nh5 Ne6 42.Qg1 h3 43.Rxf8+ Nxf8
44.Ng3 Ne6 45.gxh3 Qf3+ 46.Qg2 Qd1+ 47.Qg1 Qf3+ 48.Qg2 Qd1+ 49.Qg1  1/2-1/2

[Event "Tilburg"]
[Site "Tilburg"]
[Date "1982.??.??"]
[Round "?"]
[White "Timman, Jan H"]
[Black "Torre, Eugenio"]
[Result "1-0"]
[WhiteElo "2600"]
[BlackElo "2535"]

1.e4 e5 2.Nf3 Nc6 3.Bb5 a6 4.Ba4 Nf6 5.O-O Be7 6.Re1 b5 7.Bb3 d6 8.c3 O-O
9.h3 Na5 10.Bc2 c5 11.d4 Qc7 12.Nbd2 cxd4 13.cxd4 Nc6 14.a3 Bd7 15.Nb3 a5
16.d5 Nb8 17.Bd2 a4 18.Nc1 Rc8 19.Bc3 Na6 20.Nd3 Bd8 21.Rc1 Qa7 22.Qd2 Bb6
23.Re2 Rc4 24.Ndxe5 dxe5 25.Nxe5 Rcc8 26.Nc6 Bxc6 27.Bxf6 gxf6 28.e5 f5 29.Qg5+ Kf8
30.Qh6+ Ke8 31.dxc6 Nc5 32.Bxf5 Ne6 33.Bxe6 fxe6 34.c7 Rxc7 35.Qxe6+ Kf8
36.Rxc7 Bxc7 37.Re4 Qb6 38.Rf4+ Kg7 39.Qe7+ Kh8 40.Rf8+  1-0

[Event "Tilburg"]
[Site "Tilburg"]
[Date "1982.??.??"]
[Round "?"]
[White "Petrosian, Tigran V"]
[Black "Timman, Jan H"]
[Result "1/2-1/2"]
[WhiteElo "2605"]
[BlackElo "2600"]

1.d4 Nf6 2.Nf3 e6 3.c4 b6 4.g3 Ba6 5.b3 Bb4+ 6.Bd2 Be7 7.Bg2 O-O 8.O-O c6
9.Bc3 d5 10.Ne5 Nfd7 11.Nxd7 Nxd7 12.Nd2 Rc8 13.Re1 c5 14.cxd5 exd5 15.Qb1 Nf6
16.Qb2 Re8 17.a3 Qd7 18.Rac1 Rc7 19.e3 Rec8 20.dxc5 bxc5 21.Be5 Rb7 22.h3 Rb6
23.Qa1 Bb7 24.Red1 Qe6 25.Bc3 Bc6 26.Re1 Qd7 27.Red1 Qe6 28.Re1 Qd7 29.Red1  1/2-1/2

[Event "Tilburg"]
[Site "Tilburg"]
[Date "1982.??.??"]
[Round "?"]
[White "Timman, Jan H"]
[Black "Karpov, Anatoly"]
[Result "1/2-1/2"]
[WhiteElo "2600"]
[BlackElo "2700"]

1.c4 e6 2.Nc3 d5 3.d4 Nf6 4.Bg5 Be7 5.e3 h6 6.Bh4 O-O 7.Nf3 b6 8.Be2 Bb7
9.Bxf6 Bxf6 10.cxd5 exd5 11.O-O Be7 12.Qb3 c6 13.Rad1 Nd7 14.Rfe1 Nf6 15.Ne5 Qd6
16.f4 c5 17.dxc5 Qxc5 18.Bf3 Rad8 19.Rd4 Bd6 20.Nd3 Qc7 21.Nb5 Qb8 22.Nxd6 Rxd6
23.Nb4 Rfd8 24.Red1 Qc7 25.h3 Qe7 26.Qa3 Re6 27.Nxd5 Rxd5  1/2-1/2

[Event "Tilburg"]
[Site "Tilburg"]
[Date "1982.??.??"]
[Round "?"]
[White "Browne, Walter S"]
[Black "Timman, Jan H"]
[Result "1/2-1/2"]
[WhiteElo "2590"]
[BlackElo "2600"]

1.d4 Nf6 2.c4 e6 3.Nf3 Bb4+ 4.Nbd2 c5 5.e3 O-O 6.a3 Bxd2+ 7.Qxd2 cxd4 8.Nxd4 Nc6
9.Be2 e5 10.Nxc6 dxc6 11.f3 Qe7 12.b3 e4 13.Bb2 Rd8 14.Qb4 c5 15.Qc3 exf3
16.gxf3 Nh5 17.h4 Bf5 18.Kf2 Rd6 19.Qe5 Qxe5 20.Bxe5 Re6 21.Bh2 Bg6 22.Rhc1 Rae8
23.Rc3 Ra6 24.Rcc1 Rae6 25.Rc3 Ra6 26.a4 Rd8 27.Rd1 Rxd1 28.Bxd1 Nf6 29.Ke1 Nd7
30.e4 Kf8 31.Rd3 Ke7 32.Rd5 f6 33.Kd2 Bf7 34.Rd3 Ne5 35.Re3 Rd6+ 36.Kc2 Rd8
37.Be2 Nc6 38.Kc3 Nb4 39.f4 Kf8 40.f5 Nc6 41.Bf3  1/2-1/2

[Event "OHRA"]
[Site "Amsterdam"]
[Date "1983.??.??"]
[Round "?"]
[White "Timman, Jan H"]
[Black "Chandler, Murray G"]
[Result "1/2-1/2"]
[WhiteElo "2605"]
[BlackElo "2485"]

1.d4 d5 2.c4 e6 3.Nf3 c5 4.cxd5 exd5 5.g3 Nc6 6.Bg2 Nf6 7.O-O Be7 8.Nc3 O-O
9.Bg5 cxd4 10.Nxd4 h6 11.Be3 Re8 12.Rc1 Bg4 13.Nb3 Be6 14.Nb5 Qd7 15.Bd4 Ne4
16.e3 Rac8 17.Nxa7 Nxa7 18.Bxa7 Ra8 19.Bd4 Rxa2 20.Nd2 Bf5 21.Nxe4 Bxe4 22.Qh5 Bf8
23.Rfd1 Qe7 24.Bxe4 dxe4 25.Rc2 Rea8 26.Qe5 Ra1 27.Rxa1 Rxa1+ 28.Kg2 Qxe5
29.Bxe5 Ra5 30.Bd4 Bd6 31.Rc8+ Kh7 32.Re8 f5 33.h3 h5 34.Bc3 Rb5 35.g4 fxg4
36.hxg4 Rg5 37.Rxe4  1/2-1/2